| 000 | 01279cam a2200289Ia 4500 | ||
|---|---|---|---|
| 001 | pranksanenlighte00wollrich | ||
| 003 | CaSfIA | ||
| 005 | 20210118211657.0 | ||
| 007 | cr|||| | ||
| 008 | 990412s1997 flua 000 1 eng d | ||
| 040 |
_aCIB _cCIB _dOCL _dOCLCQ _dCaSfIA |
||
| 020 | _a1884707491 | ||
| 020 | _a9781884707490 | ||
| 035 | _a(OCoLC)41147468 | ||
| 043 | _an-us-ma | ||
| 100 | 1 | _aWolley, Robert. | |
| 245 | 1 | 4 |
_aThe pranks an' enlightenment of Frank an' me / _h[electronic resource] _cby Robert Wolley. |
| 246 | 3 | _aPranks and enlightment of Frank and me | |
| 260 |
_aTavares, FL : _bLifestyle Press, _cc1997. |
||
| 300 |
_a213 p. : _bill. ; _c23 cm. |
||
| 651 | 0 |
_aCape Cod (Mass.) _vFiction. |
|
| 856 | 4 | 1 |
_uhttp://www.archive.org/details/pranksanenlighte00wollrich _zFree eBook from the Internet Archive |
| 856 | 4 | 2 |
_uhttp://www.openlibrary.org/books/OL12154518M _zAdditional information and access via Open Library |
| 942 | _cEB | ||
| 506 | _fНеобхідна авторизація на https://archive.org/ (створення облікового запису безкоштовно) | ||
| 506 | _fНеобхідна авторизація на https://openlibrary.org/ (створення облікового запису безкоштовно) | ||
| 999 |
_c538570 _d538570 |
||